| 000 | 01239cab a22002174i 4500 | ||
|---|---|---|---|
| 001 | 768714001 | ||
| 003 | CO-MdFUSB | ||
| 005 | 20240607104837.0 | ||
| 008 | 170510s1993 cr ||||| |||| 00| 0 spa d | ||
| 022 | _a1409-1968 | ||
| 040 |
_aCO-MdFUSB _bspa _cCO-MdFUSB _dCO-MdFUSB |
||
| 041 | _aspa | ||
| 100 | 1 |
_aDeiros, Pablo A. (Alberto) (1945-) _eautor |
|
| 245 | 1 | 0 |
_aUn imperio conquistador que no conquistó la renovación _c/ Pablo A. Deiros |
| 300 |
_aVolumen 11. Número 2 (1993), páginas 28-29 _c: 27 cm. |
||
| 520 | _aHace quinientos años. Europa estaba cambiando rápidamente y se estaba transformando en algo completamente nuevo, Estos cambios determinaron la nueva modalidad que la Iglesia habría de asumir en el período por venir: La Edad Moderna. La Edad Moderna, en Europa, se caracterizó por una serie de cambios de orden cultural, religioso, político, geográfico, los que fueron influidos por un profundo individualismo. Las transformaciones fueron muy evidentes en plano político y las monarquías absolutas europeas se impuso a la dela Iglesia. | ||
| 653 | _aConquista | ||
| 773 | 0 |
_tApuntes Pastorales _049442 _960183 _gVolumen 11. Número 2 (1993), páginas 28-29 _qPágina 28 |
|
| 942 | _cANA | ||
| 945 | _aJTF-925 | ||
| 999 |
_c50703 _d50703 |
||